Statistics for NFL Starting Quarterbacks 2022

Click here to take the quiz!

General Stats

  • This quiz has been taken 24 times
  • The average score is 25 of 32

Answer Stats

HintAnswer% Correct
BuccaneersBrady
95%
Commanders
Wentz
90%
Eagles
Hurts
90%
GiantsJones
90%
CowboysPrescott
90%
VikingsCousins
86%
LionsGoff
86%
ChiefsMahomes
86%
PackersRodgers
86%
SeahawksSmith
86%
RamsStafford
86%
BillsAllen
81%
BengalsBurrow
81%
BearsFields
81%
RavensJackson
81%
JaguarsLawrence
81%
CardinalsMurray
81%
JetsWilson
81%
PatriotsJones
76%
49ersLance
76%
PanthersMayfield
76%
ColtsRyan
76%
BroncosWilson
76%
RaidersCarr
71%
FalconsMariota
71%
ChargersHerbert
67%
TitansTannehill
67%
TexansMills
57%
DolphinsTagovailoa
57%
SaintsDalton
52%
SteelersTrubisky
52%
BrownsBrissett
48%

Score Distribution

Percentile by Number Answered

Percent of People with Each Score

Your Score History

You have not taken this quiz